Bandiere dei Paesi Insulari - Morte Improvvisa - Statistics

Statistiche generali
  • Questo quiz è stato fatto 7.059 volte
  • Il punteggio medio è 12 su 18
Answers on the Grid
Answers color-coded by a green-red scale on the quiz's grid according to % correct below.
 
Statistiche sulle risposte
Risposta % Corretto
Cipro
82%
Malta
74%
Nuova Zelanda
72%
Regno Unito
72%
Cuba
70%
Giamaica
69%
Seychelles
68%
Irlanda
67%
Sri Lanka
67%
Islanda
66%
Filippine
63%
Taiwan
60%
Bahamas
60%
Repubblica Dominicana
57%
Papua Nuova Guinea
55%
Com
52%
Haiti
52%
Trinidad e Tobago
51%
Nessun quiz corrispondente trovato
Distribuzione punteggi
Percentuale di utenti per punteggio
Percentile per numero di risposta
I tuoi punteggi nel tempo
Non hai fatto questo quiz